Normal view
MARC view
Entry Personal Name
001 - CONTROL NUMBER
- control field: 6690
003 - CONTROL NUMBER IDENTIFIER
- control field: BD-RjUL
005 - DATE AND TIME OF LATEST TRANSACTION
- control field: 20230123171110.0
008 - FIXED-LENGTH DATA ELEMENTS
- fixed length control field: 230123|| aca||aabn | a|a d
040 ## - CATALOGING SOURCE
- Original cataloging agency: BD-RjUL
- Transcribing agency: BD-RjUL
100 ## - HEADING--PERSONAL NAME
- Personal name: Goni, Md. Nasir Uddin
670 ## - SOURCE DATA FOUND
- Source citation: Work cat.: (BD-RjUL)81121: Goni, Md. Nasir Uddin, An Economic Analysis of the Role of Non-Conventional Mcchanized Transport in the Economic Development of Rural Bangladesh /, 0215